000 00402nam a22001217a 4500
999 _c6840
_d6840
008 200331b ||||| |||| 00| 0 eng d
100 _aEDWARD, Sebastian
245 _aThe Evolving Role of World Bank
_bThe Latin American Debt Crisis
_cSebastian Edward
_hEnglish
260 _aWashngton
_bThe World Bank
_c1946
300 _a22p.
_c27cm.
650 _2The Evolving Role of the World Bank
942 _2ddc
_cBOOKS